000
00325nam a22001337a 4500
020
_a
9788189524326
082
_a
303.372
_b
FRA
100
_a
Fraser, Nancy
245
_a
Social Justice in the age of Identity Political
260
_a
New Delhi
_b
Critical Quest
_c
2008
300
_a
48
650
_a
Social Justice
942
_c
BK
999
_c
21137
_d
21137